000
00334 a2200157 4500
001
58903
020
_a
8508032552
040
_c
Anchieta - Pituba
100
_a
CorrĂȘa, Roberto Lobato
240
1
0
_a
A rede urbana
_l
por
245
1
0
_a
A rede urbana
300
_a
96
362
0
_a
1989
650
4
_a
Geografia e viagens
942
_c
BK
999
_c
58903
_d
58903